00770nam a2200193 a 450000500170000000800410001705000230005824500710008126000860015230000120023844000530025050000380030352000170034165000690035865000390042765000410046665000600050770000090056720140414093839.0040310s19uu xx 00 eng d aVHS 370bOR 12 t.2 aAt work in the differentiated classroom :bmanaging the classroom. aAlexandria, Va :bAssociation for Supervision and Curriculum Development,cc2001. a30 min. aAt work in the differentiated classroom ; tape 2 aFacilitator's guide, Tapes 1,2,3. aLibrary has: aCurriculum planning (Differentiated instruction)xUnited States. aEffective teachingxUnited States. aAcademic achievementxUnited States. aResearch-based instructional strategiesxUnited States. aASCD